Dibujo de éxito
Guardat en:
| Autor principal: | |
|---|---|
| Format: | Llibre |
| Idioma: | espanyol |
| Publicat: |
Buenos Aires
Hachette
1960
|
| Matèries: | |
| Etiquetes: |
Afegir etiqueta
Sense etiquetes, Sigues el primer a etiquetar aquest registre!
|
MARC
| LEADER | 00000nam a2200000 a 4500 | ||
|---|---|---|---|
| 001 | UCT4723 | ||
| 003 | CL-VaPUC | ||
| 008 | 961122e19600000AG |||||||||||||||||spa|d | ||
| 082 | 0 | 4 | |a 741 |b LOO |2 21 |
| 100 | |a Loomis, Andrew |e autor |9 373967 | ||
| 245 | 1 | 0 | |a Dibujo de éxito |
| 300 | |a 160 p | ||
| 942 | |c BK | ||
| 945 | |d 19961122 00:00:00 |a rleighto | ||
| 260 | |a Buenos Aires |b Hachette |c 1960 | ||
| 650 | 0 | |a Dibujos |9 264123 | |
| 650 | 0 | |a Perspectiva |9 265202 | |
| 650 | 0 | |a Luz |9 263172 | |
| 650 | 0 | |a Sombras |9 369439 | |
| 650 | 0 | |a Caricaturas |9 359381 | |
| 650 | 0 | |a Retratos |9 313437 | |
| 650 | 7 | |a DIBUJO ARTISTICO |2 CL-VaPUC |9 357593 | |
| 583 | |a last modification |c 19961122 00:00:00 |k Rodrigo Vera | ||
| 999 | |c 253900 |d 253898 | ||
| 952 | |0 0 |1 0 |4 0 |6 741_000000000000000_LOO_1960 |7 0 |8 A |9 275069 |a BIBARQ |b BIBARQ |d 2019-11-19 |i 3251918 |l 3 |o 741 LOO 1960 |p 3251918 |r 2025-01-20 |s 2024-09-06 |w 2019-11-19 |y BK |k ARQ | ||